Statistics for Celebrities With Capital City Names

Click here to take the quiz!

General Stats

  • This quiz has been taken 71 times
  • The average score is 5 of 15

Answer Stats

Answer% Correct
Paris: Paris Hilton
84%
Washington, DC: Denzel Washington
72%
Victoria: Queen Victoria
67%
Saint George's / Georgetown: George Clooney
54%
San Salvador: Salvador Dali
45%
Sofia: Sofia Loren
43%
St. John's: John Lennon
39%
Port Au Prince: Prince
38%
Port Louis: Louis Armstrong
22%
Lima: Adrianna Lima
14%
Berlin: Irving Berlin
9%
San Jose: Jose Conseco
9%
San Marino: Dan Marino
9%
Sana'a: Sanaa Lathan
4%
Valetta: Amber Valetta
1%

Score Distribution

Percentile by Number Answered

Percent of People with Each Score

Your Score History

You have not taken this quiz